Responses for Show #6704 - Thursday, November 7, 2013

Rani Peffer game 3.

Contestants

[<< previous game]

Sarah Orman, a travel planner from Shoreview, Minnesota

Adam Johnston, a project manager from Mechanicsville, Maryland

Rani Peffer, a corporate finance manager from Crittenden, Kentucky (whose 2-day cash winnings total $28,712)

[next game >>]

Jeopardy! Round responses

AROUND THE USA
SONG & DANCE
LITERARY BUNNIES
HODGEPODGE
THE FABRIC OF OUR LIVES
ALAS, POOR...
(Alex: But the correct response will not be "Yorick". However, it will be a word that rhymes with "Yorick" in that category.)
    $200 13
Groundhog Day

Adam
    $200 11
the twist

Adam
    $200 21
the White Rabbit

Rani
    $200 6
(Rani: What is Arabic?)

Hebrew

RaniAdam
    $200 26
silk

Sarah
    $200 1
Doric

Adam
    $400 14
(Sarah: What is Miami Beach?)

Palm Beach

RaniSarah
    $400 15
mambo

Adam
    $400 22
Peter Rabbit

Adam
    $400 7
Sony

Rani
    $400 27
[NOTE: This was the 250,000th clue entered into the J! Archive, on 2013-11-09.]

corduroy

Rani
    $400 2
caloric

Adam
    $1,000 12
geographic center

Adam
    $600 16
"La Bamba"

Adam
    $600 23
Roger Rabbit

Sarah
    $600 8
Gulliver

Adam
    $600 28
(Sarah: What is angora?)

cashmere

RaniSarah
    $600 3
prehistoric

Rani
    $800 17
Colorado

Rani
    $800 19
the limbo

Rani
    $800 24
The Velveteen Rabbit

Rani
    $800 9
(Adam: What is a non sequitur?)

ad hominem

Adam
Triple Stumper
    $800 29
angora

Rani
    $800 4
hydrochloric

Triple Stumper
    $1000 18
South Carolina

Rani
    $1000 20
"The Loco-Motion"

Sarah
    $1000 25
(Adam: What is An American Tail?)

Watership Down

AdamSarah
    $1000 10
Ayers Rock

Rani
    $1000 30
burlap

Adam
    $1000 5
Warwick

Rani

Scores at the first commercial break (after clue 14):

Rani Adam Sarah
$3,200 $2,000 -$400

Scores at the end of the Jeopardy! Round:

Rani Adam Sarah
$8,600 $3,400 $1,800

Double Jeopardy! Round responses

BRITISH PRIME MINISTERS
THE NEW YORK TIMES BUSINESS
O-E-O-E
(Alex: That sequence of letters coming up in each correct response.)
WHAT ISLAND?
99 MODELS OF GEAR
ON THE WALL
    $400 15
Margaret Thatcher

Triple Stumper
    $400 6
(Sarah: Who are CEOs?)

boards of directors

RaniSarah
    $400 18
lonesome

Rani
    $400 1
Jamaica

Sarah
    $400 20
(Alex: [*] is the one.)
(Rani: That's the only hockey player I know.)
[Laughter]

Wayne Gretzky

Rani
    $400 24
Frida Kahlo

Rani
    $800 14
Churchill

Adam
    $800 7
TurboTax

Rani
    $800 19
(Adam: What is torque?)

horsepower

AdamSarah
    $800 2
Madagascar

Sarah
    $800 26
[The end-of-round signal sounds.]

the Immaculate Conception

Rani
    $1200 11
Chamberlain

Adam
    $1200 8
Chase

Triple Stumper
    $1200 21
choreographer

Adam
    $1200 3
Long Island

Triple Stumper
    $1200 16
Manny Ramirez

Adam
    $1,200 25
(Rani: What is the Louvre?)

the Hermitage Museum

Rani
    $6,000 12
(Adam: Who is Disraeli?)

Tony Blair

Adam
    $1600 9
Solyndra

Adam
    $1600 22
bottlenose

Sarah
    $1600 4
Luzon

Triple Stumper
    $1600 17
red balloons

Rani
    $2000 13
(Alex: Adam, I was hoping you'd ring in now and say,
"Who is [*]?")

Benjamin Disraeli

Triple Stumper
    $2000 10
the Chamber of Commerce

Triple Stumper
    $2000 23
(Alex: That's it, with a minute to go.)

the bourgeoisie

Rani
    $2000 5
Bahrain

Adam

Scores at the end of the Double Jeopardy! Round:

Rani Adam Sarah
$14,200 $4,600 $5,000
(lock game)

[wagering suggestions for these scores]

Final Jeopardy! Round responses

LITERARY INFLUENCES
AdamWhat is The Great Gatsby?
$3,000
SarahWhat is Bonfire
$4,300
RaniWhat is "Dangerous Liaisons"?
$1,777
The Age of Innocence

Final scores:

Rani Adam Sarah
$12,423 $1,600 $700
3-day champion: $41,135 2nd place: $2,000 3rd place: $1,000

Game dynamics:

Coryat scores:

Rani Adam Sarah
$15,400 $10,200 $5,000
21 R,
2 W
(including 1 DD)
17 R
(including 1 DD),
4 W
(including 1 DD)
8 R,
3 W

Combined Coryat: $30,600

[game clues] [game scores] [suggest correction]

Game tape date: 2013-09-17
The J! Archive is created by fans, for fans. Scraping, republication, monetization, and malicious use prohibited; this site may use cookies and collect identifying information. See terms. The Jeopardy! game show and all elements thereof, including but not limited to copyright and trademark thereto, are the property of Jeopardy Productions, Inc. and are protected under law. This website is not affiliated with, sponsored by, or operated by Jeopardy Productions, Inc. Join the discussion at JBoard.tv.